000
00326nam a22001337a 4500
008
170221b xxu||||| |||| 00| 0 eng d
020
_a
0521786452
041
_a
eng
080
_a
615
100
_a
5
101
_a
SHF
245
_a
ESSENTIAL PSIKOPHARMACOLOGY OF DEPRESSION AND BIPOLAR DISORDER
_c
STAHL, S.M
942
_2
udc
_c
BK
999
_c
5939
_d
5939